De Campomar and another v Trustees of the Pettiward Estate (Record no. 75197)

MARC details
000 -LEADER
fixed length control field 02190cab a2200217 4500
001 - CONTROL NUMBER
control field L129659
008 - FIXED-LENGTH DATA ELEMENTS--GENERAL INFORMATION
fixed length control field 110922n2005 000 0 eng u
035 ## - SYSTEM CONTROL NUMBER
System control number (Sirsi) u129659
041 ## - LANGUAGE CODE
Language code of text/sound track or separate title eng
245 ## - TITLE STATEMENT
Title De Campomar and another v Trustees of the Pettiward Estate
260 ## - PUBLICATION, DISTRIBUTION, ETC.
Date of publication, distribution, etc. 2005
490 ## - SERIES STATEMENT
Series statement Estates Gazette
Volume/sequential designation [2005] 15 EG 124-126(3)
520 ## - SUMMARY, ETC.
Summary, etc. [2004] EWHC LT, 1 March 2005. Considers whether a Leasehold Valuation Tribunal (LVT) has the jurisdiction to dismiss a tenant's application for determination of disputed premiums and terms as an abuse of the LVT's process pursuant to its power under the Rent Assessment Committee (England and Wales) (Leasehold Valuation Tribunal) Regulations 1993 reg. 4B. Appeal by tenants (D) against the LVT's decision to strike out their application for the determination of the terms of new leases to be granted by the respondent landlord (P) under the Leasehold Reform, Housing and Urban Development Act 1993 s42. Both parties agreed the disputed premiums prior to the LVT hearing date and applied for an adjournment because other terms were still the subject of negotiation. The LVT vacated the hearing and threatened to dismiss the application if it did not hear from the parties by a certain date. "Held": appeal allowed. The LVT has the power to enforce its rules and suppress any abuses of its process by dismissing applications but this did not accord with the requirements of justice in this case. The LVT must give specific notice of its intention to exercise its striking-out power unless cause could be shown to the contrary and an opportunity has been given to show cause.
590 ## - LOCAL NOTE (RLIN)
Local note IKA190505
650 ## - SUBJECT ADDED ENTRY--TOPICAL TERM
Topical term or geographic name entry element DE CAMPOMAR AND ANOTHER V TRUSTEES OF THE PETTIWARD ESTATE
650 ## - SUBJECT ADDED ENTRY--TOPICAL TERM
Topical term or geographic name entry element RENT ASSESSMENT COMMITTEE (ENGLAND AND WALES) (LEASEHOLD VALUATION TRIBUNAL) REGULATIONS 1993 REG 4B
650 ## - SUBJECT ADDED ENTRY--TOPICAL TERM
Topical term or geographic name entry element LEASEHOLD REFORM, HOUSING AND URBAN DEVELOPMENT ACT 1993 S42
690 ## - LOCAL SUBJECT ADDED ENTRY--TOPICAL TERM (OCLC, RLIN)
Topical term or geographic name as entry element PROPERTY-RESIDENTIAL PROPERTY-RESIDENTIAL LANDLORD AND TENANT-RESIDENTIAL LEASES-RESIDENTIAL LEASE RENEWAL
856 ## - ELECTRONIC LOCATION AND ACCESS
Uniform Resource Identifier <a href="https://www.bailii.org/ew/cases/EWLands/2005/LRA_29_2004.html">https://www.bailii.org/ew/cases/EWLands/2005/LRA_29_2004.html</a>
Public note View the decision free of charge at www.bailii.org
942 ## - ADDED ENTRY ELEMENTS (KOHA)
Suppress in OPAC 0
Holdings
Withdrawn status Lost status Source of classification or shelving scheme Damaged status Not for loan Home library Current library Shelving location Date acquired Total Checkouts Full call number Barcode Date last seen Copy number Price effective from Koha item type
    Dewey Decimal Classification     London London Journal article 09/05/2005   L129659 129659-1001 06/08/2019 1 06/08/2019 Law report